[Event "VI Open A"]
[Site "Forni di Sopra ITA"]
[Date "2015.06.13"]
[Round "1"]
[White "Dobboletta, Alex"]
[Black "Horvath, Csaba"]
[WhiteElo "2167"]
[BlackElo "2546"]
[Result "0-1"]
[PlyCount "62"]
[EventDate "2015.06.13"]

1. c4 e5 2. Nc3 Nf6 3. g3 c6 4. Bg2 d5 5. d4 dxc4 6. dxe5 Qxd1+ 7. Nxd1 Nd5 8.
Ne3 Bb4+ 9. Kf1 Nxe3+ 10. Bxe3 O-O 11. Rc1 Be6 12. Nh3 Ba5 13. Nf4 Bb6 14. Bxb6
axb6 15. Nxe6 fxe6 16. Bh3 b5 17. Bxe6+ Kh8 18. Rd1 Rxa2 19. Bf7 c5 20. e6 Nc6
21. Rd7 Ne5 22. Rxb7 Nxf7 23. Rxf7 Kg8 24. Rc7 Rxb2 25. Rxc5 Re8 26. Kg2 Rxe6
27. Ra1 Rexe2 28. Rf5 Re8 29. Ra5 b4 30. Rfc5 c3 31. Ra7 Rf8 0-1

[Event "VI Open A"]
[Site "Forni di Sopra ITA"]
[Date "2015.06.13"]
[Round "1"]
[White "Dvirnyy, Danyyil"]
[Black "Sorbera, Giovanni"]
[WhiteElo "2541"]
[BlackElo "2160"]
[Result "1-0"]
[PlyCount "45"]
[EventDate "2015.06.13"]

1. e4 e5 2. Nf3 Nc6 3. Bc4 d6 4. O-O Be7 5. d4 exd4 6. Nxd4 Nf6 7. Nc3 O-O 8.
h3 Ne5 9. Be2 c5 10. Nb3 a6 11. a4 Rb8 12. Bf4 Qc7 13. a5 b6 14. axb6 Rxb6 15.
Qc1 Be6 16. Nd2 c4 17. Be3 Rb4 18. Rxa6 d5 19. Ra7 Qd6 20. f4 d4 21. fxe5 Qxe5
22. Nf3 Qc5 23. Bxd4 1-0

[Event "VI Open A"]
[Site "Forni di Sopra ITA"]
[Date "2015.06.13"]
[Round "1"]
[White "Lagumina, Giulio"]
[Black "Alboredo, Julia"]
[WhiteElo "2326"]
[BlackElo "2064"]
[Result "1-0"]
[PlyCount "89"]
[EventDate "2015.06.13"]

1. e4 c5 2. Nf3 d6 3. Bb5+ Bd7 4. Bxd7+ Nxd7 5. O-O Ngf6 6. Qe2 e6 7. b3 Be7 8.
Bb2 O-O 9. c4 Qc7 10. d4 cxd4 11. Nxd4 a6 12. Nc3 Rfe8 13. Rae1 Bf8 14. Kh1
Rad8 15. f4 e5 16. fxe5 dxe5 17. Nf5 Bb4 18. Rd1 Bxc3 19. Bxc3 g6 20. Ne3 Kg7
21. Qf3 Qc6 22. Nd5 Rc8 23. Bb4 Re6 24. Ne7 Rxe7 25. Bxe7 Qe6 26. Ba3 Nc5 27.
Bxc5 Rxc5 28. Rd2 Rc7 29. Rfd1 Rd7 30. Rxd7 Nxd7 31. Qd3 Nf6 32. h3 Qc6 33. Qc3
Qe6 34. Re1 Nh5 35. b4 Qf6 36. Qf3 Qb6 37. a3 Qe6 38. c5 Qc4 39. Rd1 Nf6 40.
Qd3 Qa2 41. Rf1 Nh5 42. Qd5 Ng3+ 43. Kg1 Qxd5 44. exd5 Nxf1 45. c6 1-0

[Event "VI Open A"]
[Site "Forni di Sopra ITA"]
[Date "2015.06.13"]
[Round "1"]
[White "Mencinger, Vojko"]
[Black "Real Pereyra, Diana Carime"]
[WhiteElo "2372"]
[BlackElo "2091"]
[Result "1-0"]
[PlyCount "95"]
[EventDate "2015.06.13"]

1. c4 Nf6 2. Nc3 g6 3. e4 d6 4. d4 Bg7 5. Nf3 O-O 6. h3 Na6 7. Be3 e5 8. d5 Nc5
9. Nd2 a5 10. Be2 Bd7 11. b3 Qe7 12. a3 Ncxe4 13. Ndxe4 Nxe4 14. Nxe4 f5 15.
Bg5 Qe8 16. Nc3 e4 17. Bd2 f4 18. O-O f3 19. gxf3 exf3 20. Bxf3 Bxh3 21. Bg2
Qd7 22. Rc1 Rae8 23. Ne2 Be5 24. Bh6 Bxg2 25. Kxg2 Qg4+ 26. Ng3 Rxf2+ 27. Rxf2
Qxg3+ 28. Kf1 Qh3+ 29. Kg1 Qxh6 30. Rcc2 Qg5+ 31. Kf1 Bg3 32. Rce2 Rxe2 33.
Rxe2 Qf5+ 34. Kg2 Be5 35. Rf2 Qg5+ 36. Kf1 Kg7 37. b4 axb4 38. axb4 h5 39. Qf3
Qe7 40. Qe4 h4 41. Qg4 g5 42. Kg2 Bg3 43. Re2 Be5 44. c5 Kh6 45. b5 Qf7 46.
Qe6+ Qxe6 47. dxe6 Kg7 48. b6 1-0

[Event "VI Open A"]
[Site "Forni di Sopra ITA"]
[Date "2015.06.13"]
[Round "1"]
[White "Mileto, Gabriele"]
[Black "Stopa, Jacek"]
[WhiteElo "2150"]
[BlackElo "2540"]
[Result "0-1"]
[PlyCount "76"]
[EventDate "2015.06.13"]

1. c4 Nf6 2. g3 e5 3. Bg2 Bc5 4. Nc3 O-O 5. e3 Re8 6. Nge2 Bf8 7. O-O c6 8. e4
d6 9. d4 Nbd7 10. b3 a6 11. d5 Rb8 12. dxc6 bxc6 13. h3 Nc5 14. Be3 Nfd7 15.
Qc2 Ne6 16. Rad1 c5 17. f4 Nd4 18. Qd2 Nb6 19. Nd5 Nxd5 20. exd5 Nf5 21. fxe5
Nxe3 22. Qxe3 Rxe5 23. Qf2 Rb7 24. Nc1 g6 25. Rde1 Bg7 26. Qd2 h5 27. Nd3 Rxe1
28. Qxe1 Re7 29. Qd1 Bd4+ 30. Kh2 Re3 31. Re1 Qg5 32. Rxe3 Qxe3 33. g4 hxg4 34.
hxg4 Bxg4 35. Qxg4 Qxd3 36. Be4 Qd2+ 37. Qg2 Be5+ 38. Kh3 Qh6+ 0-1

[Event "VI Open A"]
[Site "Forni di Sopra ITA"]
[Date "2015.06.13"]
[Round "1"]
[White "Naumkin, Igor"]
[Black "Lezzerini, Marco"]
[WhiteElo "2421"]
[BlackElo "2097"]
[Result "1-0"]
[PlyCount "73"]
[EventDate "2015.06.13"]

1. d4 Nf6 2. c4 c5 3. d5 b5 4. Nf3 e6 5. Bg5 exd5 6. cxd5 d6 7. e4 a6 8. Nbd2
Be7 9. Bf4 O-O 10. Bd3 Nbd7 11. h3 Bb7 12. O-O Re8 13. a4 c4 14. Bc2 Nc5 15.
Nd4 Qb6 16. Nf5 Bf8 17. Qf3 Bc8 18. Be3 Bxf5 19. Qxf5 Qc7 20. Bd4 Nfd7 21. f4
g6 22. Qg5 Bg7 23. Bxg7 Kxg7 24. Rae1 Nd3 25. Bxd3 cxd3 26. Nf3 bxa4 27. Kh1
Qd8 28. Qg3 Nf6 29. Nd2 Qb6 30. Qxd3 Qb5 31. Qd4 Qc5 32. Qxa4 Rab8 33. e5 dxe5
34. fxe5 Nxd5 35. Ne4 Qb4 36. Qd7 Ne7 37. Nd6 1-0

[Event "VI Open A"]
[Site "Forni di Sopra ITA"]
[Date "2015.06.13"]
[Round "1"]
[White "Popa, Claudiu"]
[Black "Valsecchi, Alessio"]
[WhiteElo "2098"]
[BlackElo "2445"]
[Result "1/2-1/2"]
[PlyCount "51"]
[EventDate "2015.06.13"]

1. e4 g6 2. d4 Bg7 3. c3 d6 4. f4 Nf6 5. Bd3 e5 6. Nf3 exd4 7. cxd4 O-O 8. O-O
Nc6 9. Nc3 Nb4 10. Bb1 c5 11. e5 Nfd5 12. Nxd5 Nxd5 13. Be4 Be6 14. Ng5 cxd4
15. Nxe6 fxe6 16. Bxd5 exd5 17. Qxd4 dxe5 18. fxe5 Rxf1+ 19. Kxf1 Rc8 20. Bf4
Qa5 21. b3 Rc2 22. Rd1 Qb5+ 23. Qd3 Qxd3+ 24. Rxd3 g5 25. Bxg5 Bxe5 26. Rxd5
1/2-1/2

[Event "VI Open A"]
[Site "Forni di Sopra ITA"]
[Date "2015.06.13"]
[Round "1"]
[White "Rozentalis, Eduardas"]
[Black "Fiorido, Giuseppe"]
[WhiteElo "2524"]
[BlackElo "2130"]
[Result "1-0"]
[PlyCount "107"]
[EventDate "2015.06.13"]

1. e4 c6 2. Nf3 d5 3. Nc3 dxe4 4. Nxe4 Nf6 5. Nxf6+ exf6 6. Bc4 Bd6 7. Qe2+ Qe7
8. Qxe7+ Kxe7 9. O-O Re8 10. d4 Be6 11. Bd3 Nd7 12. c4 Nf8 13. Re1 Kd8 14. Be3
Bd7 15. c5 Bc7 16. b4 Be6 17. b5 Bd5 18. a4 Ba5 19. Reb1 Ne6 20. bxc6 bxc6 21.
Rb7 Re7 22. Rab1 Rxb7 23. Rxb7 Bc7 24. Nd2 g6 25. Ne4 Bxe4 26. Bxe4 Kd7 27. d5
cxd5 28. Bxd5 Rb8 29. c6+ Kd6 30. Bf3 Rxb7 31. cxb7 Bb8 32. Kf1 f5 33. Ke1 g5
34. h3 f4 35. Bc1 Nd4 36. Bh5 Kc6 37. Bb2 Ne6 38. Bxf7 Nc5 39. Bd4 Nxb7 40. Bg8
Nc5 41. Bxh7 Kd5 42. Bf6 Ke6 43. Bxg5 Nxa4 44. h4 Be5 45. h5 Nc5 46. Ke2 Kf7
47. Bb1 a5 48. Kf3 a4 49. Bxf4 Bb2 50. g4 a3 51. g5 Na4 52. g6+ Kf8 53. h6 Nc3
54. g7+ 1-0

[Event "VI Open A"]
[Site "Forni di Sopra ITA"]
[Date "2015.06.13"]
[Round "1"]
[White "Vanheirzeele, Daniel"]
[Black "Antal, Gergely"]
[WhiteElo "2121"]
[BlackElo "2505"]
[Result "0-1"]
[PlyCount "50"]
[EventDate "2015.06.13"]

1. d4 Nf6 2. c4 g6 3. Nc3 d5 4. Nf3 Bg7 5. Qb3 dxc4 6. Qxc4 O-O 7. e4 c6 8. Be2
b5 9. Qb3 a5 10. a3 a4 11. Qc2 Be6 12. e5 Bb3 13. Qd3 Nd5 14. Bd2 Nd7 15. h4 f6
16. h5 fxe5 17. hxg6 Nf4 18. gxh7+ Kh8 19. Bxf4 Rxf4 20. g3 Rxf3 21. Qxf3 exd4
22. Ne4 Ne5 23. Qh5 d3 24. Bd1 Qd4 25. Nd2 Bd5 0-1

[Event "VI Open A"]
[Site "Forni di Sopra ITA"]
[Date "2015.06.14"]
[Round "2"]
[White "Antal, Gergely"]
[Black "Cafaro, Luca"]
[WhiteElo "2505"]
[BlackElo "2250"]
[Result "1-0"]
[PlyCount "101"]
[EventDate "2015.06.13"]

1. e4 e5 2. Nf3 Nc6 3. Bc4 Nf6 4. Ng5 d5 5. exd5 Na5 6. Bb5+ c6 7. dxc6 bxc6 8.
Bd3 Ng4 9. Ne4 f5 10. Be2 h5 11. h3 fxe4 12. hxg4 Bc5 13. b4 Qd4 14. bxc5 O-O
15. O-O Qxa1 16. Nc3 e3 17. gxh5 exf2+ 18. Rxf2 Rxf2 19. Kxf2 Be6 20. Ba3 Qxd1
21. Bxd1 Nc4 22. Bc1 Rb8 23. d3 Na5 24. Bf3 Nb7 25. Ba3 Nd8 26. Ke3 Kf7 27. g4
Kf6 28. Bc1 Ke7 29. a3 Nf7 30. Kf2 Kd7 31. Kg3 Nd8 32. g5 Bf5 33. Nd1 Rb1 34.
Bd2 Be6 35. g6 Ke7 36. Bg5+ Ke8 37. Bd2 Ke7 38. Bc3 Kf6 39. d4 Rc1 40. dxe5+
Ke7 41. Ne3 Rg1+ 42. Bg2 Kd7 43. Kf2 Rc1 44. Be4 Nb7 45. Bd4 Nd8 46. Nf5 Bxf5
47. Bxf5+ Ne6 48. h6 Rb1 49. h7 Rb8 50. Be3 Rf8 51. Ke2 1-0

[Event "VI Open A"]
[Site "Forni di Sopra ITA"]
[Date "2015.06.14"]
[Round "2"]
[White "Bruno, Fabio"]
[Black "Martinez, Ayelen"]
[WhiteElo "2420"]
[BlackElo "2212"]
[Result "1-0"]
[PlyCount "85"]
[EventDate "2015.06.13"]

1. d4 Nf6 2. c4 g6 3. Nc3 Bg7 4. Nf3 O-O 5. Bg5 h6 6. Bh4 d6 7. e3 Nbd7 8. h3
c5 9. Be2 cxd4 10. Nxd4 Ne5 11. O-O Bd7 12. Qd2 Rc8 13. b3 a6 14. Rac1 Nc6 15.
Rfd1 Kh8 16. Bf3 g5 17. Bg3 Qa5 18. Qe2 b5 19. Nxc6 Bxc6 20. Bxc6 Rxc6 21. Nd5
Nxd5 22. Rxd5 Qa3 23. Rc2 Rfc8 24. h4 bxc4 25. bxc4 e6 26. Rd3 Qc5 27. hxg5
hxg5 28. Rcd2 Rd8 29. e4 Qxc4 30. Qh5+ Kg8 31. Qxg5 Rd7 32. Be5 f6 33. Bxf6
Qxe4 34. Rg3 Qb1+ 35. Kh2 Rc1 36. Rg4 Rh1+ 37. Kg3 Rh7 38. Qe3 Qf5 39. Qc3 e5
40. Qc8+ Kf7 41. Rxd6 Qxg4+ 42. Kxg4 Rxd6 43. Qc7+ 1-0

[Event "VI Open A"]
[Site "Forni di Sopra ITA"]
[Date "2015.06.14"]
[Round "2"]
[White "Ceschia, Ivano"]
[Black "Naumkin, Igor"]
[WhiteElo "2243"]
[BlackElo "2421"]
[Result "0-1"]
[PlyCount "124"]
[EventDate "2015.06.13"]

1. e4 e5 2. Nf3 Nc6 3. Bb5 a6 4. Ba4 Nf6 5. Bxc6 dxc6 6. d3 Bd6 7. Nbd2 Bg4 8.
h3 Bh5 9. Nc4 Qe7 10. Bd2 c5 11. g4 Bg6 12. Nh4 O-O 13. Qf3 Qe6 14. Nf5 b5 15.
Nce3 c4 16. dxc4 bxc4 17. b3 cxb3 18. axb3 Bc5 19. Ra4 Rfe8 20. Rc4 Bb6 21. h4
h5 22. g5 Bxe3 23. Nxe3 Nxe4 24. Rxe4 Qc6 25. Rf4 exf4 26. Qxc6 fxe3 27. Rh3
exd2+ 28. Kxd2 Rad8+ 29. Kc1 Re2 30. Rc3 Rdd2 31. Qxc7 Rxf2 32. Qb8+ Kh7 33.
Rc8 Rxc2+ 34. Rxc2 Rxc2+ 35. Kd1 Rc3 36. Qb4 Re3 37. Qb6 Rh3 38. b4 Rxh4 39.
Kd2 Rg4 40. Kc3 h4 41. Qxa6 Rxg5 42. Qf1 Rh5 43. Qh3 Bf5 44. Qh2 Bd7 45. Qe2 g6
46. Qd2 Be6 47. Qh2 h3 48. Kd4 Rg5 49. Ke4 Rg4+ 50. Ke5 Rxb4 51. Kf6 Rb5 52.
Qg3 Rh5 53. Qh2 Rf5+ 54. Ke7 Rb5 55. Qg3 Kg7 56. Qc3+ Kg8 57. Qg3 Rb2 58. Qh4
h2 59. Kd6 Rd2+ 60. Ke5 Rd5+ 61. Kf6 Rf5+ 62. Ke7 Rh5 0-1

[Event "VI Open A"]
[Site "Forni di Sopra ITA"]
[Date "2015.06.14"]
[Round "2"]
[White "Dappiano, Andrea"]
[Black "Mencinger, Vojko"]
[WhiteElo "2212"]
[BlackElo "2372"]
[Result "0-1"]
[PlyCount "108"]
[EventDate "2015.06.13"]

1. e4 c5 2. Nc3 Nc6 3. g3 g6 4. Bg2 Bg7 5. d3 d6 6. Be3 Rb8 7. Qd2 b5 8. Nge2
Nd4 9. O-O e6 10. Nd1 Nxe2+ 11. Qxe2 Ne7 12. Qd2 Qb6 13. Bh6 O-O 14. Bxg7 Kxg7
15. Ne3 f5 16. exf5 gxf5 17. f4 Bd7 18. Rae1 Rbe8 19. Rf2 Nc6 20. c3 a5 21.
Rfe2 a4 22. Nc2 d5 23. d4 cxd4 24. Nxd4 Nxd4 25. Qxd4+ Qxd4+ 26. cxd4 Rc8 27.
a3 Kf6 28. Kf2 b4 29. axb4 Rc4 30. Rd2 Rxb4 31. Rc1 Rfb8 32. Rcc2 Ke7 33. Bf1
Kd6 34. Be2 Rb3 35. Kg2 Bb5 36. Bxb5 R8xb5 37. Kh3 R5b4 38. Kh4 Rc4 39. Kg5 Rb6
40. Kh6 Rb7 41. h4 Rbc7 42. Rxc4 dxc4 43. Re2 a3 44. bxa3 c3 45. Rc2 Kd5 46.
Kg5 Kxd4 47. Kf6 Rc6 48. h5 e5+ 49. Kxf5 e4 50. g4 Kd3 51. Rc1 c2 52. g5 e3 53.
g6 hxg6+ 54. hxg6 Kd2 0-1

[Event "VI Open A"]
[Site "Forni di Sopra ITA"]
[Date "2015.06.14"]
[Round "2"]
[White "Formento, Paolo"]
[Black "Rozentalis, Eduardas"]
[WhiteElo "2269"]
[BlackElo "2524"]
[Result "0-1"]
[PlyCount "76"]
[EventDate "2015.06.13"]

1. d4 Nf6 2. c4 e6 3. Nc3 Bb4 4. Qc2 O-O 5. a3 Bxc3+ 6. Qxc3 d6 7. g3 Qe7 8.
Bg2 e5 9. dxe5 dxe5 10. Nf3 Nc6 11. b4 Bg4 12. Bb2 Nd4 13. Nxd4 exd4 14. Qd3
Rfe8 15. Bf3 Rad8 16. Rd1 b6 17. O-O c5 18. bxc5 bxc5 19. Bc1 h6 20. Bd2 Qe6
21. Rfe1 Bf5 22. Qb3 Be4 23. Bxe4 Nxe4 24. Ba5 Rb8 25. Qd3 Rb2 26. Rb1 Rxb1 27.
Rxb1 Nd6 28. Bc7 Nxc4 29. Rb8 Rxb8 30. Bxb8 a6 31. Ba7 Ne5 32. Qe4 Nd7 33. Qb7
Kh7 34. a4 Qd6 35. a5 g6 36. Bb6 c4 37. Qxa6 d3 38. Qxc4 Ne5 0-1

[Event "VI Open A"]
[Site "Forni di Sopra ITA"]
[Date "2015.06.14"]
[Round "2"]
[White "Horvath, Csaba"]
[Black "Lagumina, Giulio"]
[WhiteElo "2546"]
[BlackElo "2326"]
[Result "1-0"]
[PlyCount "53"]
[EventDate "2015.06.13"]

1. Nf3 d5 2. g3 Nf6 3. Bg2 e6 4. O-O Be7 5. c4 O-O 6. d4 dxc4 7. Ne5 Nc6 8.
Bxc6 bxc6 9. Nxc6 Qe8 10. Nxe7+ Qxe7 11. Qc2 e5 12. Rd1 exd4 13. Rxd4 Be6 14.
Nc3 Rfd8 15. Rxd8+ Rxd8 16. Bg5 h6 17. Bxf6 Qxf6 18. Rd1 Rb8 19. Rd2 Qe5 20.
Kg2 Re8 21. Qa4 Ra8 22. Qc6 Rb8 23. f4 Qa5 24. e4 Kh7 25. f5 Bc8 26. Qxc4 Bb7
27. Qxf7 1-0

[Event "VI Open A"]
[Site "Forni di Sopra ITA"]
[Date "2015.06.14"]
[Round "2"]
[White "Pescatore, Lorenzo"]
[Black "Dvirnyy, Danyyil"]
[WhiteElo "2285"]
[BlackElo "2541"]
[Result "0-1"]
[PlyCount "154"]
[EventDate "2015.06.13"]

1. e4 e5 2. Nf3 Nc6 3. Bb5 a6 4. Ba4 Nf6 5. Bxc6 dxc6 6. d3 Nd7 7. O-O Bd6 8.
Nbd2 O-O 9. Nc4 Re8 10. d4 Qe7 11. Re1 exd4 12. Nxd6 Qxd6 13. Qxd4 Qxd4 14.
Nxd4 c5 15. Nb3 b6 16. Bf4 Ra7 17. Rad1 Nb8 18. c3 a5 19. Nd2 a4 20. a3 Be6 21.
Nf1 f6 22. Ne3 Kf7 23. f3 Rb7 24. Re2 b5 25. Nd5 Na6 26. Red2 Rc8 27. Bg3 Re8
28. h3 g5 29. f4 Bxd5 30. exd5 gxf4 31. Bxf4 c4 32. d6 c6 33. d7 Rd8 34. Rd6
Nb8 35. Bg3 Rbxd7 36. Rxd7+ Rxd7 37. Rf1 Rb7 38. Bxb8 Rxb8 39. Rd1 Ke6 40. Kf2
Rg8 41. Re1+ Kf7 42. Rd1 Rg5 43. Rd7+ Kg6 44. Rc7 Rd5 45. Ke2 Rd6 46. Re7 h6
47. Ke1 Kg5 48. Ke2 f5 49. Re5 h5 50. Re8 Kf4 51. Rh8 Rg6 52. Kf2 Rd6 53. Ke2
Re6+ 54. Kf2 Ke4 55. Ke2 Rg6 56. Re8+ Kf4 57. Kf2 h4 58. Rh8 Ke4 59. Rd8 f4 60.
Rd4+ Ke5 61. Rd8 Rg3 62. Re8+ Kf5 63. Rd8 Ke4 64. Rd4+ Ke5 65. Rd8 b4 66. axb4
a3 67. bxa3 Rxc3 68. Re8+ Kd4 69. Rd8+ Ke4 70. Re8+ Kd3 71. Rd8+ Kc2 72. Rd4
Kb3 73. Rxf4 Rd3 74. Rxh4 c3 75. b5 c5 76. b6 c2 77. b7 Rd8 0-1

[Event "VI Open A"]
[Site "Forni di Sopra ITA"]
[Date "2015.06.14"]
[Round "2"]
[White "Stopa, Jacek"]
[Black "Cocchi, Andrea"]
[WhiteElo "2540"]
[BlackElo "2275"]
[Result "1-0"]
[PlyCount "79"]
[EventDate "2015.06.13"]

1. d4 Nf6 2. c4 e6 3. Nc3 d5 4. Nf3 c6 5. Bg5 Nbd7 6. e3 Qa5 7. Nd2 Bb4 8. Qc2
O-O 9. Be2 dxc4 10. Bxf6 Nxf6 11. Nxc4 Qc7 12. O-O Rd8 13. Rac1 Bd7 14. a3 Be7
15. b4 Be8 16. Qb3 Rac8 17. Bf3 Nd5 18. Ne4 Bf8 19. g3 Qe7 20. Nc5 Rc7 21. Rfd1
g6 22. e4 Nb6 23. Ne3 Nd7 24. e5 Nxc5 25. bxc5 f6 26. Bg4 Bf7 27. Nc4 Bg7 28.
Qe3 f5 29. Be2 g5 30. Nd6 b6 31. Rb1 Rb8 32. Bc4 Rd7 33. Rb2 Rdd8 34. Rdb1 h6
35. Qf3 Qc7 36. Nxf7 g4 37. Nxh6+ Kh7 38. Nxg4 Rxd4 39. Bxe6 fxg4 40. Qf5+ 1-0

[Event "VI Open A"]
[Site "Forni di Sopra ITA"]
[Date "2015.06.14"]
[Round "2"]
[White "Tonel, Giulia"]
[Black "Bellia, Fabrizio"]
[WhiteElo "1998"]
[BlackElo "2450"]
[Result "0-1"]
[PlyCount "70"]
[EventDate "2015.06.13"]

1. d4 Nf6 2. c4 e6 3. Nc3 Bb4 4. Qc2 O-O 5. Bg5 h6 6. Bh4 d5 7. e3 Nbd7 8. Nf3
c5 9. a3 Bxc3+ 10. Qxc3 cxd4 11. Nxd4 dxc4 12. Bxc4 Nb6 13. Ba2 Bd7 14. O-O Na4
15. Bxf6 Qxf6 16. Qc7 Rfd8 17. Qxb7 e5 18. Nf3 Rab8 19. Qc7 e4 20. Ne5 Be8 21.
b4 Rbc8 22. Qa5 Nc3 23. Bc4 Rxc4 24. Nxc4 Bb5 25. Qc7 Ba6 26. Ne5 Rc8 27. Nd7
Rxc7 28. Nxf6+ gxf6 29. Rfe1 Bb5 30. f3 f5 31. Kf2 Rd7 32. Kg3 Rd2 33. Kf4 Rxg2
34. fxe4 fxe4 35. Rg1 Ne2+ 0-1

[Event "VI Open A"]
[Site "Forni di Sopra ITA"]
[Date "2015.06.14"]
[Round "2"]
[White "Valsecchi, Alessio"]
[Black "Messina, Roberta"]
[WhiteElo "2445"]
[BlackElo "1950"]
[Result "1-0"]
[PlyCount "81"]
[EventDate "2015.06.13"]

1. d4 e6 2. c4 d5 3. Nf3 Nf6 4. Nc3 c6 5. e3 Nbd7 6. Qc2 Be7 7. b3 O-O 8. Bd3
h6 9. O-O b6 10. Bb2 Bb7 11. Rad1 Rc8 12. Qe2 Bd6 13. e4 dxe4 14. Nxe4 Nxe4 15.
Bxe4 Qe7 16. Bb1 Rfd8 17. Qc2 Nf8 18. Rfe1 Qc7 19. Qc3 f6 20. c5 bxc5 21. dxc5
Be7 22. Nd4 Rd5 23. b4 Rcd8 24. Be4 Rh5 25. g3 Qc8 26. Qf3 Re5 27. Bxc6 Rxe1+
28. Rxe1 Bxc6 29. Nxc6 Rd7 30. Rc1 Bd8 31. Nxd8 Qxd8 32. c6 Rc7 33. b5 Qd2 34.
Qb3 Kf7 35. a4 Nd7 36. Rd1 Nc5 37. Rxd2 Nxb3 38. Rd8 Ke7 39. Rd3 Na5 40. Ba3+
Ke8 41. Rc3 1-0

[Event "VI Open A"]
[Site "Forni di Sopra ITA"]
[Date "2015.06.14"]
[Round "2"]
[White "Vezzosi, Paolo"]
[Black "Machidon, Cristi"]
[WhiteElo "2350"]
[BlackElo "2211"]
[Result "1/2-1/2"]
[PlyCount "64"]
[EventDate "2015.06.13"]

1. d4 d5 2. Nf3 Nf6 3. c4 c6 4. e3 e6 5. Nbd2 Nbd7 6. Bd3 Bd6 7. O-O O-O 8. e4
dxe4 9. Nxe4 Nxe4 10. Bxe4 e5 11. dxe5 Nxe5 12. Nxe5 Bxe5 13. Bxh7+ Kxh7 14.
Qh5+ Kg8 15. Qxe5 Re8 16. Qc3 Bf5 17. Be3 Qh4 18. Rad1 Re4 19. Bd4 f6 20. f3
Re2 21. Bf2 Qg5 22. h4 Qg6 23. Rfe1 Rae8 24. Rxe2 Rxe2 25. Kf1 Rc2 26. Qb3 Qe8
27. Re1 Qd7 28. c5+ Kh7 29. g4 Qd2 30. Qe3 Bd3+ 31. Kg1 Rxb2 32. Qxd2 Rxd2
1/2-1/2

[Event "VI Open A"]
[Site "Forni di Sopra ITA"]
[Date "2015.06.14"]
[Round "2"]
[White "Zamengo, Fulvio"]
[Black "Popa, Claudiu"]
[WhiteElo "2271"]
[BlackElo "2098"]
[Result "1-0"]
[PlyCount "107"]
[EventDate "2015.06.13"]

1. e4 e5 2. Nf3 Nc6 3. Bb5 a6 4. Ba4 Nf6 5. O-O Be7 6. Re1 b5 7. Bb3 d6 8. c3
Na5 9. Bc2 c5 10. h3 O-O 11. d4 Qc7 12. Nbd2 Bd7 13. Nf1 Rac8 14. d5 Rfe8 15.
b3 Nb7 16. g4 g6 17. Ng3 Kg7 18. Be3 Ng8 19. Kg2 f6 20. Qe2 Qa5 21. a4 bxa4 22.
bxa4 Ra8 23. Nd2 Qc7 24. Bd3 a5 25. Reb1 Reb8 26. Bb5 Nd8 27. Nc4 Bc8 28. Rb2
Ra7 29. Rab1 Nh6 30. Qd2 Nhf7 31. f3 Bf8 32. h4 Be7 33. Rh1 h6 34. Qc1 Rab7 35.
Kg1 Kh7 36. Rg2 Bd7 37. Na3 Bf8 38. g5 Bg7 39. Qd2 h5 40. Bxd7 Qxd7 41. Nb5 Nh8
42. c4 Ra8 43. f4 exf4 44. Bxf4 Ndf7 45. Qe2 fxg5 46. hxg5 Kg8 47. Nxh5 gxh5
48. Qxh5 Bd4+ 49. Kf1 Nd8 50. g6 Rxb5 51. cxb5 Qg7 52. Qh7+ Qxh7 53. gxh7+ Kf7
54. Rg8 1-0

[Event "VI Open A"]
[Site "Forni di Sopra ITA"]
[Date "2015.06.15"]
[Round "3"]
[White "Bellia, Fabrizio"]
[Black "De Santis, Alessio"]
[WhiteElo "2450"]
[BlackElo "2266"]
[Result "1-0"]
[PlyCount "81"]
[EventDate "2015.06.13"]

1. e4 b6 2. d4 Bb7 3. Bd3 Nf6 4. Qe2 Nc6 5. c3 e5 6. Nf3 d6 7. O-O Be7 8. dxe5
Nxe5 9. Nxe5 dxe5 10. Nd2 O-O 11. Nf3 Nd7 12. Rd1 Bf6 13. b4 a5 14. a4 Qe7 15.
Ba3 axb4 16. cxb4 c5 17. Bb5 Rfd8 18. Qc4 Rac8 19. a5 bxa5 20. bxc5 Nb8 21. Qa4
Qc7 22. h3 Nc6 23. Rac1 Rxd1+ 24. Rxd1 Be7 25. Rd5 Ba8 26. Qc4 Nb4 27. Rd7 Qxd7
28. Bxd7 Rxc5 29. Qe2 Bb7 30. Ba4 g6 31. h4 h6 32. h5 g5 33. Nh2 Rc3 34. Bb2
Ba6 35. Qd1 Rd3 36. Qc1 Bd6 37. Ng4 f6 38. Nxf6+ Kf7 39. Ng4 Ke6 40. Nxh6 Bb7
41. Qc4+ 1-0

[Event "VI Open A"]
[Site "Forni di Sopra ITA"]
[Date "2015.06.15"]
[Round "3"]
[White "Boraso, Alessio"]
[Black "Valsecchi, Alessio"]
[WhiteElo "2233"]
[BlackElo "2445"]
[Result "0-1"]
[PlyCount "108"]
[EventDate "2015.06.13"]

1. e4 d6 2. d4 Nf6 3. Nc3 e5 4. Nf3 Nbd7 5. Bc4 Be7 6. O-O O-O 7. a4 c6 8. Re1
exd4 9. Nxd4 Ne5 10. Ba2 Re8 11. h3 Ng6 12. Qd3 Bf8 13. Bg5 h6 14. Bd2 Ne5 15.
Qg3 Nh5 16. Qe3 g5 17. Nce2 c5 18. Nf3 Ng6 19. Bc3 Be6 20. Nh2 Nhf4 21. Nxf4
gxf4 22. Qf3 Bxa2 23. Rxa2 Re6 24. Qh5 Bg7 25. Bxg7 Kxg7 26. Ng4 Qh4 27. Qxh4
Nxh4 28. Raa1 h5 29. Nh2 Rg6 30. Kh1 Nxg2 31. Rg1 Nh4 32. Rad1 Re8 33. f3 Ree6
34. Rd5 Kh6 35. Rgd1 b6 36. c3 Rg3 37. Rxd6 Nxf3 38. Nxf3 Rxf3 39. Rxe6+ fxe6
40. Kg2 Rg3+ 41. Kf2 Kg5 42. Rd7 Rxh3 43. Rxa7 Rd3 44. a5 bxa5 45. Rxa5 Kg4 46.
Rxc5 Rd2+ 47. Kg1 Rxb2 48. Re5 Kg3 49. Rg5+ Kf3 50. e5 Ke3 51. Rxh5 f3 52. Rh3
Rb1+ 53. Kh2 Ke2 54. Kg3 f2 0-1

[Event "VI Open A"]
[Site "Forni di Sopra ITA"]
[Date "2015.06.15"]
[Round "3"]
[White "Cocchi, Andrea"]
[Black "Seresin, Francesco"]
[WhiteElo "2275"]
[BlackElo "2102"]
[Result "1-0"]
[PlyCount "45"]
[EventDate "2015.06.13"]

1. Nf3 f5 2. g3 Nf6 3. Bg2 g6 4. c4 Bg7 5. Nc3 d6 6. d4 O-O 7. O-O Nc6 8. d5
Na5 9. Qd3 c5 10. Bd2 a6 11. b3 Rb8 12. Rab1 b5 13. cxb5 axb5 14. Nxb5 Ba6 15.
a4 Qb6 16. Ng5 Bxb5 17. axb5 Qxb5 18. Qe3 Ne4 19. Bxe4 fxe4 20. Qxe4 Be5 21. b4
Nb7 22. bxc5 Qxc5 23. Ne6 1-0

[Event "VI Open A"]
[Site "Forni di Sopra ITA"]
[Date "2015.06.15"]
[Round "3"]
[White "Difronzo, Andrea"]
[Black "Vezzosi, Paolo"]
[WhiteElo "1994"]
[BlackElo "2350"]
[Result "0-1"]
[PlyCount "80"]
[EventDate "2015.06.13"]

1. e4 e6 2. d4 d5 3. Bd3 dxe4 4. Bxe4 Nf6 5. Bf3 c5 6. Ne2 Nc6 7. Be3 e5 8.
Bxc6+ bxc6 9. dxc5 Qxd1+ 10. Kxd1 Nd5 11. Bd2 Bxc5 12. Nbc3 Bxf2 13. Ne4 Bb6
14. c4 Ne3+ 15. Kc1 Nxc4 16. Bb4 a5 17. Bc3 O-O 18. b3 Ne3 19. Nd6 Ba6 20. Ng3
Rfd8 21. Ndf5 f6 22. Kb2 Nxf5 23. Nxf5 Rd7 24. Rac1 Bd3 25. Ng3 a4 26. Rhd1 a3+
27. Ka1 Rad8 28. Nf1 e4 29. Ng3 Be3 30. Bd2 Bd4+ 31. Bc3 c5 32. Nf5 Bf2 33. Be1
e3 34. Bxf2 exf2 35. Ng3 h5 36. Rxc5 h4 37. Nf1 Be2 38. Rdc1 Rd1 39. Ne3 Rxc1+
40. Rxc1 Re8 0-1

[Event "VI Open A"]
[Site "Forni di Sopra ITA"]
[Date "2015.06.15"]
[Round "3"]
[White "Dobboletta, Alex"]
[Black "Formento, Paolo"]
[WhiteElo "2167"]
[BlackElo "2269"]
[Result "0-1"]
[PlyCount "86"]
[EventDate "2015.06.13"]

1. e4 c5 2. b3 Nf6 3. Nc3 Nc6 4. f4 d6 5. Bb5 g6 6. Bb2 Bg7 7. Nd5 O-O 8. Nxf6+
Bxf6 9. Bxf6 exf6 10. Bxc6 bxc6 11. Qf3 Re8 12. O-O-O a5 13. a4 d5 14. exd5
cxd5 15. d4 Qe7 16. dxc5 Qxc5 17. Qxd5 Qxd5 18. Rxd5 Bb7 19. Rd2 Re1+ 20. Kb2
Rae8 21. h4 h5 22. f5 Rf1 23. fxg6 fxg6 24. c3 Ree1 25. Nf3 Rxh1 26. Nxe1 Rxe1
27. b4 axb4 28. cxb4 Kf7 29. b5 Ke6 30. Kc3 Re4 31. a5 Bd5 32. Rb2 Rc4+ 33. Kd3
Rg4 34. a6 Rxg2 35. Rb1 Kd6 36. b6 Rg3+ 37. Kd4 Rb3 38. Rf1 Rb4+ 39. Ke3 Rxb6
40. a7 Kc7 41. Kd4 Ba8 42. Re1 Kb7 43. Re7+ Ka6 0-1

[Event "VI Open A"]
[Site "Forni di Sopra ITA"]
[Date "2015.06.15"]
[Round "3"]
[White "Dvirnyy, Danyyil"]
[Black "Antal, Gergely"]
[WhiteElo "2541"]
[BlackElo "2505"]
[Result "1/2-1/2"]
[PlyCount "72"]
[EventDate "2015.06.13"]

1. e4 c6 2. Nc3 d5 3. Nf3 dxe4 4. Nxe4 Nf6 5. Qe2 Nxe4 6. Qxe4 Qd5 7. Qe3 Bf5
8. b3 Qe4 9. d3 Qxe3+ 10. fxe3 f6 11. Bb2 e5 12. O-O-O Nd7 13. Be2 Bd6 14. Rhf1
Be6 15. d4 O-O-O 16. c4 Rhe8 17. d5 cxd5 18. cxd5 Bg4 19. h3 Bxf3 20. Bxf3 e4
21. Bg4 Kb8 22. Bf5 h6 23. Kb1 Nc5 24. Bd4 Na6 25. Bb2 Nc7 26. Bg6 Re7 27. Rf2
Bc5 28. d6 Rxd6 29. Rxd6 Bxd6 30. Rd2 Nb5 31. Rd5 Na3+ 32. Kc1 Bb4 33. Rd8+ Kc7
34. Rd4 Bc5 35. Bxa3 Bxa3+ 36. Kd2 Rd7 1/2-1/2